01339nam a22002417a 4500003000800000008004100008037002000049039003900069040003500108041000800143080000900151100002600160245024200186260013200428300002300560502019300583650010500776655002300881700003800904942001300942999001700955952012500972BI-BuBU260629b2025 bd fr|||| 000 0 fre d bDon de l'auteur a20260629101809.0bThacien Mutabazi aBI-BuBUbfrecBI-BuBUdBI-BuBU0 afre a396.1 4aut.aNiyonzima, Tite10aExploration des facteurs de résilience chez les femmes victimes de violences conjugales benquête menée au sein du groupement communautaire de solidarité de Ruziba, en commune MuhacTite Niyonzima ; Mélance Nduwimana, directeur aBujumburabUniversité du Burundi, Faculté de Psychologie et des Sciences de l'education, département de psychologiec2025 aXII-81 f.c30 cm.  aMémoire présenté et défendu publiquement en vue de l'obtention du diplôme de master en sciences psychologiques et de l'éducation. Option : Recherche en sciences psychologiques. 72BI-BuBUaFemmexViolence conjugalexRésiliencezGroupement communautaire de solidarité de Ruziba 72BI-BuBUaMémoire1 4dir.aNduwimana, Mélance961292 2udccMEM c54102d54102 00102udc4071985971aBCbBCd2026-06-29eDon de l'auteurl0o396. NIY.p5010000483999r2026-06-29t1w2026-06-29yMEM